Loading...

Water " the elixir of life" is endangered

Bibliographic Details
Main Author: K P Agrawal
Format: Printed Book
Published: New Delhi Concept 2012
Subjects:
LEADER 00655nam a22001931a 4500
020 |a 9788180699030  |c 0.00 
040 |a SSUS - Library - Kalady 
082 |a 333.9116  |b KPA/W 
100 |a K P Agrawal 
245 |a Water " the elixir of life" is endangered  |h [Text] 
260 |a New Delhi  |b Concept  |c 2012 
300 |a 165p. 
600 |a Economics 
600 |a Water Supply India 
600 |a Water Resources India 
852 |h 333.9116  |i KPA/W  |p 072731  |9 500.00  |t 0 
942 |c BK 
999 |c 50680  |d 50680 
952 |0 0  |1 0  |4 0  |6 333_911600000000000_KPA_W  |7 0  |9 73919  |a SSUS  |b SSUS  |d 2015-01-08  |g 500.00  |l 3  |o 333.9116 KPA/W  |p 072731  |r 2019-08-19  |s 2019-07-26  |v 0.00  |w 2015-01-08  |y BK